Galante Welt (Record no. 3600)

MARC details
000 -CABECERA
campo de control de longitud fija 00638nam a2200217 a 4500
001 - NÚMERO DE CONTROL
campo de control BRCA_3872
005 - FECHA Y HORA DE LA ÚLTIMA TRANSACCIÓN
campo de control 20190320204446.0
008 - DATOS DE LONGITUD FIJA--INFORMACIÓN GENERAL
campo de control de longitud fija 100610s1907----gw-a######---#000-0#ger-#
041 ## - CÓDIGO DE LENGUA
Código de lengua del texto/banda sonora o título independiente ger
044 ## - CÓDIGO DEL PAÍS DE LA ENTIDAD EDITORA/PRODUCTORA
Código MARC del país gw
050 #4 - SIGNATURA TOPOGRÁFICA DE LA BIBLIOTECA DEL CONGRESO
Número de clasificación LE7.123
Número de documento/Ítem .R49 1907
100 1# - ENTRADA PRINCIPAL--NOMBRE DE PERSONA
Nombre de persona Reznicek, F. von
9 (RLIN) 10081
245 10 - MENCIÓN DE TÍTULO
Título Galante Welt
Resto del título álbum
Mención de responsabilidad, etc. von F. von Reznicek.
260 ## - PUBLICACIÓN, DISTRIBUCIÓN, ETC.
Lugar de publicación, distribución, etc. Múnich, Alemania
Nombre del editor, distribuidor, etc. Albert Langen
Fecha de publicación, distribución, etc. 1907
300 ## - DESCRIPCIÓN FÍSICA
Extensión 1 v. (sin paginación)
Otras características físicas il. (algunas a color), 30 láminas
Dimensiones 39 cm.
500 ## - NOTA GENERAL
Nota general Incluye índice de ilustraciones
500 ## - NOTA GENERAL
Nota general AM35
650 14 - PUNTO DE ACCESO ADICIONAL DE MATERIA--TÉRMINO DE MATERIA
Término de materia o nombre geográfico como elemento de entrada Álbumes de fotografías
Subdivisión geográfica Múnich
9 (RLIN) 10082
902 ## - CATALOGADOR
Iniciales GFM
942 ## - ELEMENTOS DE PUNTO DE ACCESO ADICIONAL (KOHA)
Fuente del sistema de clasificación o colocación Library of Congress Classification
Tipo de ítem Koha Libros
Holdings
Estado de retiro Estado de pérdida Estado dañado No para préstamo Localización permanente Ubicación/localización actual Fecha de adquisición Número de inventario Total de préstamos Signatura topográfica completa Código de barras Fecha visto por última vez Precio válido a partir de Tipo de ítem Koha
El ejemplar forma parte de la colección y puede ser consultado según las políticas vigentes.       Biblioteca del Museo Franz Mayer (Rogerio Casas-Alatriste) Biblioteca del Museo Franz Mayer (Rogerio Casas-Alatriste) 18/12/2009 AM35   LE7.123 .R49 1907 (AM35) 3869 22/03/2019 22/03/2019 Libros